LEADER 01112nam a2200265 a 4500 001 000000160861 003 CaOOAMICUS 005 20170519170133.0 008 170519s1973 it m 001 u eng r 032 $aLibriCat 040 $aPUL$bita 100 1 $aFollmar, Mary A.$0(OLS)http://pul/name/102954 245 10$aConsecrated woman in the Church / $cMary A. Follmar. 260 $aRome :$b[s.n.],$c1973. 300 $a84 p. ;$c25 cm. 502 $aEstratto di Tesi-- Pontificia Universitą Gregoriana. Facultas Theologiae.1973. 504 $aBibliografia in nota a pič pagina. 650 04$aTeologia spirituale.$0(OLS)http://pul/subject/41013 710 2 $aPontificia Universitą Gregoriana.$bFacoltą di teologia.$kTesi.$0(OLS)http://pul/name/81592 850 $aPUL 852 $aPUL$W1$xDP1 Tesi Pon. Univ. Gregoriana$y40$mTH PUG 2291$j184716$qTesi$B187906$CPULBib$Z2$F187906 $H39699 $82 941 1 $a16 996 $6245$aConsecrated woman in the Church / $9(OLS)http://pul/title/200570 996 $6260$aRome :$b[s.n.]$9(OLS)http://pul/publisher/52450 LEADER 01463nam a2200337 a 4500 001 000000132202 003 CaOOAMICUS 005 20121214112032.0 008 121214s2012 it u000 u ita r 020 $a978-88-10-40835-3 040 $aPUL$bita 082 04$a230 245 00$aEcclesiam intelligere :$bstudi in onore di Severino Dianich /$ca cura di Serena Noceti, Gianni Cioli, Giacomo Canobbio. 260 $aBologna :$bEDB,$c©2012. 300 $a682 p. ;$c24 cm. 490 1 $aNuovi saggi teologici. Series maior 504 $aBibliografia in nota. 600 14$aDianich, Severino.$0(OLS)http://pul/subject/39250 700 1 $aNoceti, Serena.$0(OLS)http://pul/name/51069 700 1 $aCioli, Gianni.$0(OLS)http://pul/name/85146 700 1 $aCanobbio, Giacomo,$csacerdote,$d1945-$0(OLS)http://pul/name/24030 830 0$aNuovi saggi teologici.$pSeries maior.$0(OLS)http://pul/title/135271 850 $aPUL 852 $aPUL$W1$xSL Religione 3$y85$m230 COLL 5.2.8$j152150$qDDC 21$B151489$CPULBib$Z2$F151489 $H121326 $82 941 1 $a9 983 0$aCollana Nuovi saggi teologici.$pSeries maior. 996 $6020$a978-88-10-40835-3$9(OLS)http://pul/number/151387 996 $6082$a230$9(OLS)http://pul/classification/368 996 $6245$aEcclesiam intelligere :$bstudi in onore di Severino Dianich$9(OLS)http://pul/title/167014 996 $6260$aBologna :$bEDB$9(OLS)http://pul/publisher/56073